000 01052nam a2200325 i 4500
003 EG-GICUC
005 20260211140734.0
008 260211r2005 be |fr|||| 000 0 eng d
020 _a2802721038
040 _aEG-GiCUC
_beng
_cEG-GiCUC
_dEG-GiCUC
_erda
041 1 _aeng
_hger
082 0 4 _221
_a341
_bME . P
092 0 4 _221
099 _aLaw1 11 341 ME . P 2005
100 1 _aMelloni, Mattia
_eAuthor.
245 1 4 _aThe Principle Of National Treatment In The Gatt :
_bA Survey Of The Jurisprudence, Practice And Policy /
_cMattia Melloni.
264 1 _aBruylant :
_bBruxelles,
_c2005.
300 _a253 pages,
_c24 cm
336 _2rda content
_atext
337 _2rda media
_aComputer
338 _2rda carrier
_aOnline Resource
504 _aIncludes bibliographical references
504 _aBibliography: pages 247-253.
546 _aText in English
650 1 4 _aPublic international law
_2
651 1 _2
856 4 0 _uhttps://fll.law.cu.edu.eg/fulltext/bks/B11-07589.pdf
905 _a48
942 _2ddc
_cBK
_e21
_n0
999 _c62599
_d62599